Nadmerné používanie smartfónov môže narúšať proces učenia aj na vysokých školách

Gespeichert in:
Bibliographische Detailangaben
1. Verfasser: Lörincziová, Drahomíra, 1971-
Format: Buchkapitel
Sprache:Slowakisch
Schlagworte:
Tags: Tag hinzufügen
Keine Tags, Fügen Sie das erste Tag hinzu!

MARC

LEADER 00000naa$a2200000$$$4500
001 0306583
005 20251028105537.2
041 0 |a slo 
044 |a SK 
245 1 0 |a Nadmerné používanie smartfónov môže narúšať proces učenia aj na vysokých školách  |c Drahomíra Lörincziová 
500 |a Abstrakt 
610 2 0 |a školy vysoké 
610 2 0 |a vyučovanie 
610 2 0 |a telefón mobilný 
610 2 0 |a študenti 
610 2 0 |a socializácia 
100 1 |a Lörincziová, Drahomíra, 1971-